00370 2200145 4500245005700000250001100057100002300068650001600091650001700107005001900124260001800143041001400161084001400175336003500189 aPerjalanan Seorang PesawatcDelta Tri AngrainihText aCet. 1 aDelta Tri Angraini aKarya Siswa aAutobiografi a20250520141809 aJakartac2025 aIndonesia a081 DEL p atactile three-dimensional form